El análisis financiero en Europa / (Record no. 178480)

MARC details
000 -LEADER
campo de control de longitud fija 01029nam a22002655i 4500
001 - NÚMERO DE CONTROL
campo de control 178480
003 - IDENTIFICADOR DE NÚMERO DE CONTROL
campo de control ES-MaACL
005 - FECHA Y HORA DE LA ÚLTIMA TRANSACCIÓN
campo de control 20250902030434.0
008 - DATOS DE LONGITUD FIJA--INFORMACIÓN GENERAL
campo de control de longitud fija 110602s1969 sp |||| | spa d
080 ## - NÚMERO DE LA CLASIFICACIÓN DECIMAL UNIVERSAL
Número de la Clasificación Decimal Universal 332(4)
100 1# - ENTRADA PRINCIPAL--NOMBRE DE PERSONA
Nombre de persona Larcier, R. L.
9 (RLIN) 146879
245 13 - MENCIÓN DEL TÍTULO
Título El análisis financiero en Europa /
Mención de responsabilidad, etc. R. L. Larcier, R. de Vuyst ; prólogo, Jacques Berthoud ; [versión española de Francisco Hortelano y Luis Uceda Bermejo].
260 ## - PUBLICACIÓN, DISTRIBUCIÓN, ETC.
Lugar de publicación, distribución, etc. Madrid :
Nombre del editor, distribuidor, etc. ICE,
Fecha de publicación, distribución, etc. D. L. 1969.
300 ## - DESCRIPCIÓN FÍSICA
Extensión XVI, 390 p. ;
Dimensiones 24 cm.
490 1# - MENCIÓN DE SERIE
Mención de serie Selecciones de economía de la empresa. Serie A : Tratados ;
Designación de volumen o secuencia 3
504 ## - NOTA DE BIBLIOGRAFÍA, ETC.
Nota de bibliografía, etc. Bibliografía: p. 383-384.
650 04 - PUNTO DE ACCESO ADICIONAL DE MATERIA--TÉRMINO DE MATERIA
Término de materia o nombre geográfico como elemento de entrada Análisis financiero-
Subdivisión geográfica Europa.
9 (RLIN) 146883
700 0# - ENTRADA AGREGADA--NOMBRE PERSONAL
Nombre de persona Vuyst, R. de.
9 (RLIN) 146880
700 1# - ENTRADA AGREGADA--NOMBRE PERSONAL
Nombre de persona Berthoud, Jacques.
9 (RLIN) 146881
700 0# - ENTRADA AGREGADA--NOMBRE PERSONAL
Nombre de persona Hortelano Hernández, Francisco.
9 (RLIN) 64264
700 1# - ENTRADA AGREGADA--NOMBRE PERSONAL
Nombre de persona Uceda Bermejo, Luis.
9 (RLIN) 146882
830 00 - PUNTO DE ACCESO ADICIONAL DE SERIE-TÍTULO UNIFORME
Título uniforme Selecciones de economía de la empresa (ICE)
Designación de volumen o secuencia 3
9 (RLIN) 190989
852 ## - LOCALIZACIÓN
Ubicación ES-MaACL
Número de control de estantería E-15230
Encuadernación Olim P-1278
Holdings
Estatus retirado Estado de pérdida Estado de daño No para préstamo Biblioteca de origen Biblioteca actual Ubicación en estantería Fecha de adquisición Fuente de adquisición Total de préstamos Signatura topográfica completa Código de barras Visto por última vez Precio de reemplazo Tipo de ítem Koha
        Biblioteca del Ateneo de Madrid Biblioteca del Ateneo de Madrid Depósito 2 02/06/2011     E-15230 1187483 23/02/2023 23/02/2023 Libro impreso